000 00464nam a2200193Ia 4500
005 20250423101626.0
008 250422s9999 xx 000 0 und d
020 _a0030469872
050 _aQC 21.2 .H83/
100 _aHudson, Alvin.
245 0 _aUniversity physics
250 _a2nd ed.
260 _aChicago
260 _bSauders College Publishing
260 _c1990
300 _a240 p
650 _aPhysics. Student Solutions Manual
942 _cBK
999 _c36793
_d36793